[Event "Plzen, FSB C"]
[Site "?"]
[Date "2003.??.??"]
[Round "7.24"]
[White "Mede, M."]
[Black "Kanka, J."]
[Result "1-0"]
[WhiteElo "1509"]
[BlackElo "1654"]
[PlyCount "75"]
[EventDate "2003.??.??"]
[Source "ChessBase"]
[SourceDate "1996.11.15"]

1. f4 d5 2. e3 c5 3. b3 Nf6 4. Bb2 Nc6 5. Nf3 Bg4 6. Be2 e6 7. Ne5 Bxe2 8. Qxe2
Qc7 9. Nxc6 Qxc6 10. O-O Bd6 11. Nc3 O-O-O 12. Nb5 Bb8 13. a4 Rhg8 14. Be5 Nd7
15. Bxb8 Kxb8 16. a5 a6 17. Nc3 f5 18. Rfb1 h6 19. b4 c4 20. b5 axb5 21. Nxb5
Nc5 22. Nd4 Qd6 23. Rb6 Qd7 24. Nc6+ Kc7 25. Nxd8 Rxd8 26. Rab1 Rb8 27. d4 Na6
28. Qh5 Qe7 29. Qg6 Kd7 30. Rxb7+ Rxb7 31. Rxb7+ Nc7 32. a6 Kc8 33. Rb6 Qd7 34.
a7 Qa4 35. Rb8+ Kd7 36. Qxg7+ Kc6 37. Qxc7+ Kxc7 38. a8=Q 1-0

[Event "Plzen, FSB C"]
[Site "?"]
[Date "2003.??.??"]
[Round "8.1"]
[White "Vrana, P."]
[Black "Tichy, S."]
[Result "1/2-1/2"]
[WhiteElo "1885"]
[BlackElo "1852"]
[PlyCount "56"]
[EventDate "2003.??.??"]
[Source "ChessBase"]
[SourceDate "1996.11.15"]

1. e4 e6 2. Nc3 d5 3. f4 dxe4 4. Nxe4 Nd7 5. d4 Ngf6 6. Nxf6+ Nxf6 7. Nf3 c5 8.
Be3 Nd5 9. Qd2 Nxe3 10. Bb5+ Bd7 11. Bxd7+ Qxd7 12. Qxe3 cxd4 13. Nxd4 Bc5 14.
O-O-O O-O 15. Rd3 Rfd8 16. Rhd1 Qd5 17. Kb1 Qxg2 18. f5 exf5 19. Nxf5 Rxd3 20.
Qxd3 g6 21. Qc3 Bf8 22. Qe3 Qg4 23. Rf1 Rd8 24. Qe1 Qh5 25. Ne3 Bg7 26. Qf2 Rf8
27. c3 Qc5 28. Qf3 Qc6 1/2-1/2

[Event "Plzen, FSB C"]
[Site "?"]
[Date "2003.??.??"]
[Round "8.2"]
[White "Vrkota, M."]
[Black "Lexa, J."]
[Result "1/2-1/2"]
[WhiteElo "1870"]
[BlackElo "1842"]
[PlyCount "37"]
[EventDate "2003.??.??"]
[Source "ChessBase"]
[SourceDate "1996.11.15"]

1. e4 e6 2. d4 d5 3. Nc3 Nf6 4. Bg5 dxe4 5. Nxe4 Be7 6. Nxf6+ Bxf6 7. Bxf6 Qxf6
8. Nf3 O-O 9. Bd3 Nc6 10. O-O Bd7 11. c3 Rfe8 12. Re1 Ne7 13. Ne5 Rad8 14. Re3
Bc6 15. Qc2 g6 16. Be4 Bxe4 17. Qxe4 Nf5 18. Rf3 c6 19. Kh1 1/2-1/2

[Event "Plzen, FSB C"]
[Site "?"]
[Date "2003.??.??"]
[Round "8.3"]
[White "Mrnka, J."]
[Black "Nathansky, D."]
[Result "1/2-1/2"]
[WhiteElo "1908"]
[BlackElo "1792"]
[PlyCount "115"]
[EventDate "2003.??.??"]
[Source "ChessBase"]
[SourceDate "1996.11.15"]

1. e4 e5 2. Bc4 Nf6 3. Qe2 Bc5 4. Nf3 d6 5. c3 Bg4 6. h3 Bh5 7. g4 Bg6 8. d3
Nbd7 9. Nbd2 Qe7 10. a4 a5 11. Nf1 c6 12. Bg5 h6 13. Bh4 Nf8 14. O-O-O Bb6 15.
Ng3 Ne6 16. Ng1 O-O-O 17. Nf5 Bxf5 18. gxf5 Nc5 19. f3 d5 20. exd5 cxd5 21. Bb5
Qd6 22. Bg3 Ncd7 23. d4 Nh5 24. Bxe5 Nxe5 25. Qxe5 Qxe5 26. dxe5 Ng3 27. Rh2
Nxf5 28. Ne2 Be3+ 29. Kb1 d4 30. Rd3 dxc3 31. Nxc3 Rxd3 32. Bxd3 Nd4 33. Nd5
Bg5 34. Be4 Ne6 35. h4 Bd8 36. f4 g6 37. h5 g5 38. Bf5 Kb8 39. Rc2 Re8 40. fxg5
Bxg5 41. Rc4 Ng7 42. Bg4 Rxe5 43. Rc8+ Ka7 44. Bf3 Ne6 45. Nc3 Nd4 46. Bd5 Re7
47. Rf8 f5 48. Bc4 f4 49. Nb5+ Nxb5 50. Bxb5 Re3 51. Rf7 Kb6 52. Rf5 Re6 53.
Kc2 Rf6 54. Rxf6+ Bxf6 55. b3 f3 56. Kd3 f2 57. Ke2 Bd4 58. Be8 1/2-1/2

[Event "Plzen, FSB C"]
[Site "?"]
[Date "2003.??.??"]
[Round "8.4"]
[White "Kral, P."]
[Black "Vevera, R."]
[Result "0-1"]
[WhiteElo "1828"]
[BlackElo "1977"]
[PlyCount "56"]
[EventDate "2003.??.??"]
[Source "ChessBase"]
[SourceDate "1996.11.15"]

1. Nf3 Nf6 2. g3 d5 3. d3 Bg4 4. Bg2 e6 5. O-O Be7 6. h3 Bh5 7. Nbd2 O-O 8. g4
Bg6 9. Ne5 Nfd7 10. Nxg6 hxg6 11. e4 c6 12. f4 a5 13. e5 b5 14. Nf3 Qb6+ 15. d4
c5 16. c3 Nc6 17. Be3 c4 18. Qc2 b4 19. Nd2 Ndxe5 20. fxe5 Nxe5 21. Bf2 Nd3 22.
Bg3 a4 23. Nf3 b3 24. axb3 axb3 25. Qe2 Ra2 26. Ne5 Rxb2 27. Qf3 Nxe5 28. Bxe5
Ra2 {dale necitelne} 0-1

[Event "Plzen, FSB C"]
[Site "?"]
[Date "2003.??.??"]
[Round "8.5"]
[White "Soukup, A."]
[Black "Vlk, M."]
[Result "0-1"]
[WhiteElo "1943"]
[BlackElo "1840"]
[PlyCount "55"]
[EventDate "2003.??.??"]
[Source "ChessBase"]
[SourceDate "1996.11.15"]

1. e4 e5 2. f4 exf4 3. Bc4 d5 4. Bxd5 Nf6 5. Nc3 Nxd5 6. Nxd5 Qh4+ 7. Kf1 Bd6
8. Nf3 Qg4 9. e5 Be6 10. exd6 Bxd5 11. Qe2+ Be6 12. dxc7 Nc6 13. d3 O-O 14. Bd2
Rfe8 15. h3 Qf5 16. Qf2 g5 17. Bc3 Rac8 18. Nd4 Nxd4 19. Qxd4 Kf8 20. Bb4+ Kg8
21. Bd6 Bd5 22. c4 Bc6 23. c5 Re3 24. Rd1 Rce8 25. Kg1 f3 26. c8=Q Qxc8 27.
gxf3 Bxf3 28. Rh2 0-1

[Event "Plzen, FSB C"]
[Site "?"]
[Date "2003.??.??"]
[Round "8.6"]
[White "Baborovsky, J."]
[Black "Kral, P."]
[Result "1-0"]
[WhiteElo "1862"]
[BlackElo "1773"]
[PlyCount "33"]
[EventDate "2003.??.??"]
[Source "ChessBase"]
[SourceDate "1996.11.15"]

1. e4 e5 2. f4 exf4 3. Nf3 d5 4. exd5 Nf6 5. Nc3 Nxd5 6. Bc4 Be6 7. Qe2 Be7 8.
O-O O-O 9. Bxd5 Bxd5 10. Nxd5 Bc5+ 11. d4 Qxd5 12. dxc5 Qxc5+ 13. Qf2 Qd6 14.
Bd2 Nc6 15. Bc3 Qh6 16. Qh4 Qxh4 17. Nxh4 1-0

[Event "Plzen, FSB C"]
[Site "?"]
[Date "2003.??.??"]
[Round "8.7"]
[White "Lener, J."]
[Black "Hava, J."]
[Result "1/2-1/2"]
[WhiteElo "1823"]
[BlackElo "1861"]
[PlyCount "100"]
[EventDate "2003.??.??"]
[Source "ChessBase"]
[SourceDate "1996.11.15"]

1. Nf3 Nf6 2. c4 d6 3. Nc3 c5 4. b3 g6 5. Bb2 Bg7 6. g3 O-O 7. Bg2 Nc6 8. O-O
Bf5 9. d3 Qd7 10. Qd2 Bh3 11. Rfd1 Bxg2 12. Kxg2 Ng4 13. h3 Nge5 14. Nxe5 Bxe5
15. Nb5 Bxb2 16. Qxb2 e5 17. Nc3 f5 18. Nd5 Ne7 19. Nxe7+ Qxe7 20. e3 f4 21.
exf4 exf4 22. Re1 Qf7 23. gxf4 Qxf4 24. Re3 Rf7 25. Rae1 Raf8 26. R1e2 Rf5 27.
Rg3 R8f6 28. Qd2 Qxd2 29. Rxd2 Re6 30. Re3 Rff6 31. d4 Rxe3 32. fxe3 cxd4 33.
exd4 Kf7 34. b4 Ke6 35. Re2+ Kd7 36. Re4 Rf7 37. Kg3 Rf1 38. Rf4 Rxf4 39. Kxf4
h6 40. a4 Ke6 41. a5 Kd7 42. Ke4 Ke6 43. d5+ Kd7 44. c5 Kc7 45. h4 a6 46. Kf4
Kd7 47. Kg4 Kc7 48. Kf4 Kd7 49. Ke4 Kc7 50. Kf4 Kd7 1/2-1/2

[Event "Plzen, FSB C"]
[Site "?"]
[Date "2003.??.??"]
[Round "8.8"]
[White "Bartonicek jr., Z."]
[Black "Rouc, M."]
[Result "0-1"]
[WhiteElo "1750"]
[BlackElo "1793"]
[PlyCount "36"]
[EventDate "2003.??.??"]
[Source "ChessBase"]
[SourceDate "1996.11.15"]

1. d4 d5 2. c4 e6 3. Nc3 Nf6 4. e3 b6 5. Nf3 Bb7 6. Bd3 dxc4 7. Bxc4 Be7 8. O-O
O-O 9. b3 c5 10. Bb2 a6 11. Rc1 Qc7 12. dxc5 Bxc5 13. Be2 Ng4 14. e4 Nc6 15. h3
Rad8 16. Qc2 Nd4 17. hxg4 Nxc2 18. Rxc2 Qf4 0-1

[Event "Plzen, FSB C"]
[Site "?"]
[Date "2003.??.??"]
[Round "8.9"]
[White "Pokomandy, M."]
[Black "Albrecht, J."]
[Result "1-0"]
[WhiteElo "1754"]
[BlackElo "1695"]
[PlyCount "97"]
[EventDate "2003.??.??"]
[Source "ChessBase"]
[SourceDate "1996.11.15"]

1. d4 d5 2. c4 e6 3. Nf3 Nf6 4. e3 Nc6 5. Nc3 Be7 6. Bd3 dxc4 7. Bxc4 O-O 8.
O-O h6 9. Bd2 Nh7 10. Re1 Ng5 11. Rc1 a6 12. Nxg5 Bxg5 13. Ne4 b6 14. Nxg5 Qxg5
15. Bd3 Bb7 16. Be4 Na5 17. Bxb7 Nxb7 18. Rxc7 Rab8 19. Qf3 Nd8 20. Rec1 Qb5
21. Qg3 Nb7 22. Bc3 Qd5 23. Qf4 a5 24. Rxf7 Nd6 25. Rxf8+ Rxf8 26. Qe5 Qxe5 27.
dxe5 Ne4 28. Be1 Nc5 29. Rd1 Rb8 30. b4 axb4 31. Bxb4 Rc8 32. g3 Na6 33. Bd6
Ra8 34. Rb1 Kf7 35. Rxb6 Kg6 36. a3 Kf5 37. f3 g5 38. g4+ Kg6 39. Kf2 h5 40.
gxh5+ Kxh5 41. Kg3 Kg6 42. Kg4 Kf7 43. Kxg5 Rg8+ 44. Kf4 Ra8 45. h4 Kg6 46. Kg4
Kf7 47. h5 Kg7 48. Kg5 Kh7 49. f4 1-0

[Event "Plzen, FSB C"]
[Site "?"]
[Date "2003.??.??"]
[Round "8.10"]
[White "Soutner, J."]
[Black "Pasek, M."]
[Result "0-1"]
[WhiteElo "1695"]
[BlackElo "1669"]
[PlyCount "92"]
[EventDate "2003.??.??"]
[Source "ChessBase"]
[SourceDate "1996.11.15"]

1. e4 d6 2. d4 Nf6 3. Nc3 g6 4. Be3 Bg7 5. Qd2 b6 6. f3 Nbd7 7. Nge2 c5 8. g4
Ba6 9. O-O-O cxd4 10. Nxd4 Bxf1 11. Rdxf1 Nc5 12. h4 h5 13. gxh5 Nxh5 14. Nde2
Qd7 15. Rfg1 e6 16. Ng3 O-O-O 17. Nge2 Kb8 18. Nd4 Nf6 19. Bg5 Rc8 20. Ndb5 Ne8
21. Rd1 Nb7 22. Bf4 e5 23. Bg5 Rc5 24. Qe2 Nc7 25. Nxc7 Qxc7 26. Nd5 Qd7 27.
Nc3 Rhc8 28. Rd3 Qe6 29. Kb1 Ra5 30. Rd5 Rxd5 31. Nxd5 f6 32. Bd2 Rh8 33. Qg2
f5 34. h5 fxe4 35. fxe4 Bf8 36. h6 Nc5 37. Rh4 Qf7 38. b4 Ne6 39. Rg4 Bxh6 40.
Rxg6 Bxd2 41. Rf6 Qg7 42. Qxd2 Nd4 43. c3 Nb5 44. Qf2 Rc8 45. Kc2 Qg4 46. Qf3
Nd4+ 0-1

[Event "Plzen, FSB C"]
[Site "?"]
[Date "2003.??.??"]
[Round "8.11"]
[White "Steinhauser, F."]
[Black "Stanek, V."]
[Result "1-0"]
[WhiteElo "1709"]
[BlackElo "1635"]
[PlyCount "51"]
[EventDate "2003.??.??"]
[Source "ChessBase"]
[SourceDate "1996.11.15"]

1. e4 d6 2. d4 Nf6 3. Nc3 g6 4. Bc4 c6 5. a4 Bg7 6. Nge2 Be6 7. Bxe6 fxe6 8.
O-O Na6 9. Nf4 Nc7 10. f3 e5 11. dxe5 dxe5 12. Qxd8+ Rxd8 13. Nd3 Nd7 14. Be3
b6 15. a5 c5 16. axb6 axb6 17. Ra7 Rc8 18. Rfa1 e6 19. Rb7 Ra8 20. Rxa8+ Nxa8
21. Ra7 Ke7 22. Nb5 Rd8 23. Bg5+ Bf6 24. Nxe5 Bxg5 25. Nc6+ Ke8 26. Nd6+ 1-0

[Event "Plzen, FSB C"]
[Site "?"]
[Date "2003.??.??"]
[Round "8.13"]
[White "Pechat, J."]
[Black "Dvorak, M."]
[Result "0-1"]
[WhiteElo "1758"]
[BlackElo "1802"]
[PlyCount "154"]
[EventDate "2003.??.??"]
[Source "ChessBase"]
[SourceDate "1996.11.15"]

1. e4 e5 2. f4 d5 3. exd5 Qxd5 4. Nc3 Qd6 5. fxe5 Qxe5+ 6. Qe2 Qe6 7. Nf3 Be7
8. d4 Nf6 9. Bf4 c6 10. O-O-O Qxe2 11. Bxe2 O-O 12. h3 h6 13. g4 Nd5 14. Nxd5
cxd5 15. g5 h5 16. Bd3 Nc6 17. c3 Be6 18. Rde1 a6 19. a4 Rac8 20. Kb1 Rfe8 21.
g6 Rf8 22. Bg5 Bd6 23. Nh4 Bc7 24. Re2 Rce8 25. Rg2 f6 26. Bc1 Bd7 27. b4 Ne7
28. a5 Rc8 29. Kb2 Rfe8 30. Be2 Nc6 31. Bxh5 Re4 32. Bg4 Bxg4 33. hxg4 Rce8 34.
Nf5 Re2+ 35. Rxe2 Rxe2+ 36. Kb3 Ne7 37. c4 dxc4+ 38. Kxc4 Nxg6 39. Kd3 Re6 40.
Bd2 Bb8 41. Rc1 Re8 42. Rc5 Rd8 43. Kc4 Kf7 44. Rd5 Rxd5 45. Kxd5 Ne7+ 46. Kc5
Nc8 47. d5 g6 48. Nh4 Ba7+ 49. Kc4 Nd6+ 50. Kd3 Bf2 51. Nf3 Nb5 52. Be3 Bg3 53.
Bc5 Ke8 54. Nd4 Nxd4 55. Bxd4 f5 56. gxf5 gxf5 57. Kc4 Kd7 58. Kc5 Bc7 59. Kc4
Bg3 60. Bc5 Be5 61. Kd3 Ke8 62. Ke3 Kf7 63. Kf3 Kf6 64. Ke3 Bb8 65. Bd4+ Be5
66. Bc5 Bb2 67. Kf4 Kf7 68. Kf3 Kf6 69. Ke3 Ke5 70. d6 Ke6 71. Kf2 Bf6 72. Kg3
Bg5 73. Kf3 Bf6 74. Kf4 Be5+ 75. Kg5 Bxd6 76. Bxd6 Kxd6 77. Kxf5 Kd5 0-1

[Event "Plzen, FSB C"]
[Site "?"]
[Date "2003.??.??"]
[Round "8.14"]
[White "Hadac, P."]
[Black "Hruby, V."]
[Result "1-0"]
[WhiteElo "1744"]
[BlackElo "1874"]
[PlyCount "116"]
[EventDate "2003.??.??"]
[Source "ChessBase"]
[SourceDate "1996.11.15"]

1. d4 f5 2. g3 e6 3. Nf3 Nf6 4. c4 c6 5. Bg2 Be7 6. O-O O-O 7. Nc3 d5 8. Ne5
Bd7 9. Qb3 Qb6 10. c5 Qxb3 11. axb3 Be8 12. Bd2 Nbd7 13. b4 Nxe5 14. dxe5 Ne4
15. Nxe4 fxe4 16. Be3 a6 17. f4 exf3 18. exf3 Bg6 19. f4 h5 20. Bf3 Rad8 21.
Bd4 Be8 22. h4 g6 23. Kf2 Bd7 24. Ke3 Rf7 25. Be2 Bc8 26. Bc3 Rdf8 27. Bd2 Rd8
28. Kd4 Bf8 29. Bd3 Kg7 30. b3 Rc7 31. Rg1 Be7 32. Rg2 Rh8 33. Rh1 Bd7 34. g4
hxg4 35. Rxg4 Be8 36. h5 g5 37. h6+ Rxh6 38. Rxh6 Kxh6 39. fxg5+ Kg7 40. g6 Bf8
41. Rh4 Kg8 42. Rh7 Rg7 43. Rh6 Rc7 44. Rh4 Rg7 45. Bh6 Rc7 46. Bxf8 Kxf8 47.
Rh7 Rg7 48. Rh6 Kg8 49. Ke3 Kf8 50. Kf4 Ke7 51. Rh7 Kf8 52. Rh6 Kg8 53. Kg5 Bd7
54. Kf6 Be8 55. Rh7 Rxh7 56. gxh7+ Kh8 57. Kxe6 Bh5 58. Kf6 Bf3 1-0

[Event "Plzen, FSB C"]
[Site "?"]
[Date "2003.??.??"]
[Round "8.16"]
[White "Hava, R."]
[Black "Vojir sr., V."]
[Result "1/2-1/2"]
[WhiteElo "1472"]
[BlackElo "1645"]
[PlyCount "69"]
[EventDate "2003.??.??"]
[Source "ChessBase"]
[SourceDate "1996.11.15"]

1. e4 c6 2. c4 d6 3. Nc3 g6 4. d4 Bg7 5. Be3 Nf6 6. f3 O-O 7. Qd2 Re8 8. Bh6
Nbd7 9. g4 Qb6 10. Bxg7 Kxg7 11. h4 e5 12. Nge2 Qa5 13. h5 Ng8 14. hxg6 fxg6
15. d5 c5 16. Nb5 Qb6 17. a4 a6 18. a5 axb5 19. axb6 Rxa1+ 20. Kf2 b4 21. Bg2
Ra2 22. Nc1 Ra6 23. Qg5 Rxb6 24. Qh4 Nf8 25. Nb3 Ra6 26. Ra1 Rxa1 27. Nxa1 Bd7
28. Qh1 Ra8 29. Qb1 b5 30. Bf1 bxc4 31. Bxc4 Nf6 32. Nc2 Ra5 33. Na1 Ba4 34.
Nb3 Bxb3 35. Bxb3 1/2-1/2

[Event "Plzen, FSB C"]
[Site "?"]
[Date "2003.??.??"]
[Round "8.17"]
[White "Neumanova, M."]
[Black "Strejcek, P."]
[Result "0-1"]
[WhiteElo "1346"]
[BlackElo "1628"]
[PlyCount "76"]
[EventDate "2003.??.??"]
[Source "ChessBase"]
[SourceDate "1996.11.15"]

1. d4 Nf6 2. c4 g6 3. Nc3 Bg7 4. e4 d6 5. f3 O-O 6. Be3 Nbd7 7. Nh3 c5 8. d5 a6
9. Nf2 Rb8 10. a4 Ne8 11. Be2 e5 12. O-O f5 13. exf5 gxf5 14. g3 Qf6 15. Kh1
Rf7 16. Rg1 Nf8 17. f4 Ng6 18. Nh3 h6 19. Qd2 e4 20. Bh5 b6 21. Raf1 Nc7 22.
Qe2 Re7 23. Nf2 Kh7 24. g4 fxg4 25. Nfxe4 Qf8 26. Bxg4 Bxc3 27. Nxc3 Qe8 28.
Bh5 Bf5 29. Nd1 Qd7 30. Rg3 Rg8 31. Qd2 Reg7 32. Nf2 Ne8 33. Ng4 Qe7 34. Nf2
Nf6 35. Be2 Nh4 36. Rfg1 Ne4 37. Rxg7+ Rxg7 38. Qe1 Nxf2+ 0-1

[Event "Plzen, FSB C"]
[Site "?"]
[Date "2003.??.??"]
[Round "8.18"]
[White "Machalek, M."]
[Black "Wadura, R."]
[Result "1/2-1/2"]
[WhiteElo "1662"]
[BlackElo "1635"]
[PlyCount "42"]
[EventDate "2003.??.??"]
[Source "ChessBase"]
[SourceDate "1996.11.15"]

1. e4 d6 2. Nf3 g6 3. d4 Bg7 4. Nc3 Nc6 5. Be2 Nf6 6. h3 O-O 7. Be3 e5 8. dxe5
dxe5 9. O-O a6 10. Qc1 Be6 11. Ng5 Qe7 12. Nxe6 Qxe6 13. b3 Rfd8 14. Bg5 Nd4
15. Bd3 Rd7 16. Bxf6 Qxf6 17. Nd5 Qh4 18. c3 Ne6 19. Qc2 Nf4 20. Nxf4 Qxf4 21.
Rad1 Rad8 1/2-1/2

[Event "Plzen, FSB C"]
[Site "?"]
[Date "2003.??.??"]
[Round "8.19"]
[White "Dostal, K."]
[Black "Pekar, F."]
[Result "0-1"]
[WhiteElo "1415"]
[BlackElo "1889"]
[PlyCount "82"]
[EventDate "2003.??.??"]
[Source "ChessBase"]
[SourceDate "1996.11.15"]

1. e4 c5 2. Nf3 d6 3. d4 cxd4 4. Nxd4 Nf6 5. Nc3 a6 6. Bg5 e6 7. Qf3 Nbd7 8.
O-O-O Qc7 9. Qg3 h6 10. Bxf6 Nxf6 11. Bd3 b5 12. a3 Bb7 13. Rhe1 e5 14. Nf5 g6
15. Ne3 Bg7 16. Ned5 Bxd5 17. Nxd5 Nxd5 18. exd5 O-O 19. Kb1 Rab8 20. c3 a5 21.
Rc1 Qb7 22. b4 axb4 23. cxb4 Qxd5 24. Be4 Qe6 25. Red1 Kh7 26. Qd3 f5 27. Bc6
Rfd8 28. Kc2 e4 29. Qb3 Qe5 30. g3 h5 31. Rd5 Qf6 32. h3 Bh6 33. Rcd1 Rbc8 34.
Kb1 Rxc6 35. Rxb5 Rd7 36. Rb8 Rf7 37. Qd5 Bg7 38. Qa2 Rcc7 39. b5 Qe5 40. a4 e3
41. fxe3 Qe4+ 0-1

[Event "Plzen, FSB C"]
[Site "?"]
[Date "2003.??.??"]
[Round "8.21"]
[White "Huttner, M."]
[Black "Bolek, M."]
[Result "1-0"]
[WhiteElo "1674"]
[BlackElo "1524"]
[PlyCount "60"]
[EventDate "2003.??.??"]
[Source "ChessBase"]
[SourceDate "1996.11.15"]

1. e4 c5 2. Nf3 Nc6 3. d4 cxd4 4. Nxd4 Nf6 5. Nc3 d6 6. f3 a6 7. Bc4 e6 8. Be3
Be7 9. Qd2 Qc7 10. O-O-O O-O 11. g4 b5 12. Nxc6 Qxc6 13. Bd3 Nd7 14. h4 Ne5 15.
Rdf1 Nxd3+ 16. Qxd3 b4 17. Ne2 a5 18. Nd4 Qd7 19. Rf2 Ba6 20. Qd1 Rfc8 21. h5
a4 22. Kb1 Bc4 23. g5 d5 24. g6 fxg6 25. hxg6 hxg6 26. Rfh2 Kf7 27. Rh7 dxe4
28. fxe4 e5 29. Rxg7+ Kf8 30. Rxg6 exd4 1-0

[Event "Plzen, FSB C"]
[Site "?"]
[Date "2003.??.??"]
[Round "8.22"]
[White "Mede, M."]
[Black "Koubek, J."]
[Result "0-1"]
[WhiteElo "1509"]
[BlackElo "1612"]
[PlyCount "78"]
[EventDate "2003.??.??"]
[Source "ChessBase"]
[SourceDate "1996.11.15"]

1. f4 e5 2. fxe5 d6 3. exd6 Bxd6 4. Nf3 Nf6 5. e3 O-O 6. Nc3 b6 7. Nb5 Be7 8.
b3 Ne4 9. g3 Bf6 10. Rb1 Ba6 11. Nbd4 Bxf1 12. Rxf1 Re8 13. Bb2 Qd7 14. Ne2 Nc6
15. Bxf6 Nxf6 16. Nfg1 Rad8 17. Nf4 Ne4 18. Nf3 Ne5 19. Nxe5 Rxe5 20. Nd3 Re7
21. Qe2 Qc6 22. Nb4 Qc5 23. Rd1 Qxb4 24. Rf4 Qd6 25. Qg2 Nf6 26. Qf3 Qe6 27.
Kf1 h6 28. Rc4 Qd5 29. Qf2 c5 30. Rf4 Qh5 31. Ke1 Ne4 32. Qg2 Ng5 33. Rc1 Qh3
34. Qh1 Qd7 35. Rd1 Rxe3+ 36. Kf2 Re7 37. h4 Nh3+ 38. Kf1 Nxf4 39. gxf4 Qg4 0-1

[Event "Plzen, FSB C"]
[Site "?"]
[Date "2003.??.??"]
[Round "8.23"]
[White "Kracik, M."]
[Black "Kotesovec, D."]
[Result "0-1"]
[WhiteElo "1438"]
[BlackElo "1555"]
[PlyCount "80"]
[EventDate "2003.??.??"]
[Source "ChessBase"]
[SourceDate "1996.11.15"]

1. e4 e5 2. Nf3 Nc6 3. Bc4 h6 4. Nc3 Nf6 5. d3 Be7 6. O-O O-O 7. Be3 d6 8. Qd2
Na5 9. Bb3 Nxb3 10. axb3 Re8 11. d4 exd4 12. Nxd4 Bf8 13. f3 b6 14. Nc6 Qd7 15.
Nxa7 c5 16. Nxc8 Rexc8 17. Nd5 Nxd5 18. Qxd5 Ra7 19. c4 Rb7 20. Ra2 b5 21. Rd1
bxc4 22. bxc4 Qe7 23. Bf4 Rb6 24. b3 Qf6 25. Qd2 g5 26. Bg3 h5 27. Rb1 Rcb8 28.
Ra3 h4 29. Bf2 Bh6 30. Qd3 Bg7 31. g3 h3 32. Be1 Qe5 33. Qd5 Qxd5 34. cxd5 c4
35. b4 Bd4+ 36. Kf1 Bc5 37. g4 Bxb4 38. Bxb4 Rxb4 39. Rxb4 Rxb4 40. Rc3 Kg7 0-1

[Event "Plzen, FSB C"]
[Site "?"]
[Date "2003.??.??"]
[Round "9.1"]
[White "Tichy, S."]
[Black "Lexa, J."]
[Result "0-1"]
[WhiteElo "1852"]
[BlackElo "1842"]
[PlyCount "102"]
[EventDate "2003.??.??"]
[Source "ChessBase"]
[SourceDate "1996.11.15"]

1. Nf3 c5 2. g3 d5 3. d4 cxd4 4. Nxd4 e5 5. Nb3 Nf6 6. Bg2 Be6 7. Bg5 Nbd7 8.
O-O h6 9. Bc1 Be7 10. N1d2 Qc7 11. c3 O-O 12. e4 a5 13. exd5 Nxd5 14. Nf3 a4
15. Nbd2 a3 16. c4 axb2 17. Bxb2 Nb4 18. Qe2 f6 19. Nd4 Bf7 20. a3 exd4 21.
axb4 Bxb4 22. Bxd4 Bxd2 23. Qxd2 Bxc4 24. Rac1 Ra4 25. Bd5+ Kh8 26. Bxc4 Rxc4
27. Rxc4 Qxc4 28. Rc1 Qd5 29. Qb2 Re8 30. Qc3 b5 31. Qb2 Re4 32. Bc3 Qd3 33.
Qd2 Rd4 34. Qxd3 Rxd3 35. Ba5 Kg8 36. Rb1 Rd5 37. Bb4 Ne5 38. Ra1 Kf7 39. Ra7+
Rd7 40. Rxd7+ Nxd7 41. Kf1 Ke6 42. Ke2 Kd5 43. Kd3 h5 44. Be7 Nc5+ 45. Kc2 b4
46. f3 Kc4 47. g4 h4 48. Bf8 Ne6 49. Bxb4 Kxb4 50. Kd3 Kc5 51. Ke4 Ng5+ 0-1

[Event "Plzen, FSB C"]
[Site "?"]
[Date "2003.??.??"]
[Round "9.2"]
[White "Vevera, R."]
[Black "Vrana, P."]
[Result "1-0"]
[WhiteElo "1977"]
[BlackElo "1885"]
[PlyCount "107"]
[EventDate "2003.??.??"]
[Source "ChessBase"]
[SourceDate "1996.11.15"]

1. e4 d5 2. exd5 Nf6 3. c4 c6 4. d4 cxd5 5. Nc3 e6 6. Bg5 Be7 7. c5 O-O 8. Nf3
Nc6 9. Bb5 Bd7 10. Bxc6 Bxc6 11. O-O Nd7 12. Bf4 Bf6 13. Re1 b6 14. Bd6 Re8 15.
b4 a6 16. Qd2 Be7 17. Bg3 bxc5 18. bxc5 Bf8 19. Rad1 f6 20. Qf4 Rc8 21. Qg4 f5
22. Qf4 h6 23. h4 Qf6 24. Ne5 Be7 25. h5 Nxe5 26. Qxe5 Qxe5 27. Bxe5 Bf6 28.
Rb1 Bxe5 29. Rxe5 Bd7 30. Rb7 Red8 31. Re1 Rb8 32. Reb1 Rxb7 33. Rxb7 Be8 34.
f4 Bxh5 35. Na4 Be8 36. Nb6 Kf8 37. a4 g5 38. g3 h5 39. Ra7 h4 40. Kg2 Bc6 41.
Rxa6 Kf7 42. Ra7+ Kg6 43. Rc7 Ba8 44. Rc8 Rxc8 45. Nxc8 e5 46. fxe5 hxg3 47. c6
f4 48. c7 Bb7 49. Ne7+ Kh5 50. c8=Q Bxc8 51. Nxc8 g4 52. Ne7 Kh4 53. Nf5+ Kg5
54. Nxg3 1-0

[Event "Plzen, FSB C"]
[Site "?"]
[Date "2003.??.??"]
[Round "9.3"]
[White "Vlk, M."]
[Black "Mrnka, J."]
[Result "0-1"]
[WhiteElo "1840"]
[BlackElo "1908"]
[PlyCount "44"]
[EventDate "2003.??.??"]
[Source "ChessBase"]
[SourceDate "1996.11.15"]

1. c4 e5 2. Nc3 f5 3. d4 exd4 4. Qxd4 Nc6 5. Qe3+ Be7 6. Nd5 Kf7 7. Qf4 d6 8.
e4 Nf6 9. exf5 Re8 10. Be3 Nxd5 11. cxd5 Bg5 12. Qf3 Nd4 13. Qh5+ Kg8 14. O-O-O
Rxe3 15. fxe3 Bxe3+ 16. Kb1 Bxf5+ 17. Rd3 Qd7 18. Nf3 Qa4 19. Nxd4 Bg6 20. Qg4
Bxd4 21. Be2 Qb4 22. b3 Qc3 0-1

[Event "Plzen, FSB C"]
[Site "?"]
[Date "2003.??.??"]
[Round "9.5"]
[White "Hava, J."]
[Black "Vrkota, M."]
[Result "0-1"]
[WhiteElo "1861"]
[BlackElo "1870"]
[PlyCount "100"]
[EventDate "2003.??.??"]
[Source "ChessBase"]
[SourceDate "1996.11.15"]

1. e4 c6 2. d4 d5 3. exd5 cxd5 4. Bd3 Nf6 5. c3 Nc6 6. Bf4 e6 7. Nf3 Bd6 8.
Bxd6 Qxd6 9. O-O O-O 10. Qe2 a6 11. Nbd2 Na5 12. Ne5 b5 13. b4 Nc4 14. Nb3 Nd7
15. f4 f5 16. Nxd7 Bxd7 17. Nc5 Qc6 18. Bxc4 dxc4 19. Rae1 Rae8 20. Rf3 Bc8 21.
Re3 Rf6 22. Re5 Kf7 23. d5 Qb6 24. Qh5+ Kf8 25. Kh1 Qd6 26. h3 Re7 27. R1e3 Rh6
28. Qe2 Kf7 29. Kg1 Rf6 30. Qd1 Kf8 31. Qc2 h6 32. Nxe6+ Bxe6 33. dxe6 Qb6 34.
Kh2 Kg8 35. Qe2 Qd6 36. Kg3 g5 37. Kf2 gxf4 38. Rf3 Rfxe6 39. Rxe6 Rxe6 40. Qc2
Re4 41. Kf1 Re3 42. Kf2 Qb6 43. Kf1 Rxf3+ 44. gxf3 Qe3 45. Qe2 Kf7 46. Qxe3
fxe3 47. f4 Kg6 48. Ke2 Kh5 49. Kxe3 Kh4 50. Kf3 Kxh3 0-1

[Event "Plzen, FSB C"]
[Site "?"]
[Date "2003.??.??"]
[Round "9.6"]
[White "Steinhauser, F."]
[Black "Kral, P."]
[Result "0-1"]
[WhiteElo "1709"]
[BlackElo "1828"]
[PlyCount "80"]
[EventDate "2003.??.??"]
[Source "ChessBase"]
[SourceDate "1996.11.15"]

1. e4 d5 2. exd5 Qxd5 3. Nc3 Qa5 4. Bc4 Nf6 5. d3 Nc6 6. Bd2 Bg4 7. f3 Qe5+ 8.
Nge2 Bh5 9. Bf4 Qa5 10. a3 g5 11. b4 Qf5 12. g4 Bxg4 13. fxg4 Nxg4 14. Bg3 Ne3
15. Qc1 Ng2+ 16. Kd2 Bh6 17. Kd1 Qf3 18. Nd5 O-O-O 19. Rg1 Rxd5 20. Bxd5 Qxd5
21. Qb2 Rd8 22. b5 Ne3+ 23. Ke1 Nd4 24. Nxd4 Qxd4 25. Qxd4 Nxc2+ 26. Kd2 Nxd4
27. Ke3 Nc2+ 28. Ke4 Nxa1 29. Rxa1 e6 30. Rc1 Rd7 31. Bf2 Bg7 32. Bxa7 Bb2 33.
Rb1 f5+ 34. Ke3 Bxa3 35. Ra1 Bb2 36. Ra2 Bc1+ 37. Ke2 b6 38. Rc2 Kb7 39. Bxb6
Kxb6 40. Rxc1 Kxb5 0-1

[Event "Plzen, FSB C"]
[Site "?"]
[Date "2003.??.??"]
[Round "9.7"]
[White "Pasek, M."]
[Black "Lener, J."]
[Result "1/2-1/2"]
[WhiteElo "1669"]
[BlackElo "1823"]
[PlyCount "104"]
[EventDate "2003.??.??"]
[Source "ChessBase"]
[SourceDate "1996.11.15"]

1. c4 Nf6 2. Nc3 c5 3. g3 Nc6 4. Bg2 g6 5. Nf3 Bg7 6. O-O O-O 7. d4 cxd4 8.
Nxd4 Nxd4 9. Qxd4 d6 10. b3 Nd7 11. Qd2 Rb8 12. Bb2 b6 13. Nb5 a6 14. Bxg7 Kxg7
15. Nd4 Bb7 16. Qb2 Kg8 17. Bxb7 Rxb7 18. Rac1 Rc7 19. Rfd1 Qa8 20. e3 Rfc8 21.
Rc2 Ne5 22. h3 Nf3+ 23. Nxf3 Qxf3 24. Rcd2 b5 25. cxb5 axb5 26. a4 bxa4 27.
bxa4 Rc2 28. Qa1 Qf5 29. Kg2 Qa5 30. Rxc2 Rxc2 31. Qd4 Ra2 32. Ra1 Rd2 33. Qe4
e6 34. Qc6 Qe5 35. Ra3 Qf6 36. Qf3 Qb2 37. e4 Rxf2+ 38. Qxf2 Qxa3 39. Qd4 e5
40. Qc4 Kg7 41. Qb5 Qa2+ 42. Kg1 Qc2 43. a5 Qxe4 44. a6 Qf3 45. Kh2 Qf2+ 46.
Kh1 Qxg3 47. Qb7 Qxh3+ 48. Kg1 Qe3+ 49. Kf1 Qc1+ 50. Kg2 Qd2+ 51. Kg1 Qd4+ 52.
Kg2 Qd2+ 1/2-1/2